جگ ہنسا ئ (Record no. 181031)

MARC details
000 -LEADER
fixed length control field 00585nam a22001937a 4500
005 - DATE AND TIME OF LATEST TRANSACTION
control field 20210826125928.0
010 ## - LCCN (DPL NO)
LC control number UR-11212
020 ## - INTERNATIONAL STANDARD BOOK NUMBER
Terms of availability 200.00
International Standard Book Number 9789391238056
035 ## - SYSTEM CONTROL NUMBER
System control number U-9767
037 ## - SOURCE OF ACQUISITION
Source of stock number/acquisition DBAD/PUB
082 ## - DEWEY DECIMAL CLASSIFICATION NUMBER
Classification number ک
100 ## - MAIN ENTRY--PERSONAL NAME
Personal name قيصر تمکين
245 ## - TITLE STATEMENT
Title جگ ہنسا ئ
Statement of responsibility, etc قيصر تمکين
246 ## - VARYING FORM OF TITLE
Title proper/short title Jag Hansai(Urdu)
Remainder of title by Qaisar Tamkeen
260 ## - PUBLICATION, DISTRIBUTION, ETC. (IMPRINT)
Place of publication, distribution, etc Delhi
Date of publication, distribution, etc 2021 ء
Name of publisher, distributor, etc Educational Publishing House
270 ## - ADDRESS
Address 3191,Vakil Street, Kucha Pandit Lal Kuan,
City Delhi
Postal code 110006
Fax number 23216162
300 ## - PHYSICAL DESCRIPTION
Extent 164 ص
Dimensions 22 Cm(Hb)
942 ## - ADDED ENTRY ELEMENTS (KOHA)
Source of classification or shelving scheme Dewey Decimal Classification
Item type Urdu Bks
Classification part ک
Call number suffix ق ے ص
Holdings
Withdrawn status Lost status Not for loan Collection code Home library Current library Date acquired Source of acquisition Cost, normal purchase price Full call number Barcode Copy number Cost, replacement price Koha item type
    Not For Loan Fiction Central Library Central Library 26/08/2021 DBAD/PUB 200.00 ک ق ے ص U-9767 1 200.00 Urdu Bks

© Delhi Public Library
Hit Counter
free hit counter